Interfaz gráfica para la sintonización de controladores industriales con software de código abierto
Guardat en:
| Autor principal: | |
|---|---|
| Altres autors: | |
| Format: | Llibre |
| Idioma: | Spanish |
| Publicat: |
[San José ], Costa Rica
2016
|
| Matèries: | |
| Etiquetes: |
Afegir etiqueta
Sense etiquetes, Sigues el primer a etiquetar aquest registre!
|
MARC
| LEADER | 00000nam a22000007a 4500 | ||
|---|---|---|---|
| 003 | 012732 | ||
| 005 | 20231127153428.0 | ||
| 008 | 171009b2016 cr a|||| |m|| 00| ||spa d | ||
| 040 | |c cru CEDI | ||
| 090 | |a TFG 7883 | ||
| 100 | |a Ruiz Hernández, Rosario, 1993- |9 1886 | ||
| 245 | |a Interfaz gráfica para la sintonización de controladores industriales con software de código abierto | ||
| 260 | |a [San José ], Costa Rica |c 2016 | ||
| 300 | |a xiv, 70 hojas ; ilustraciones | ||
| 500 | |a "IE-0499 Proyecto eléctrico” Proyecto de graduación (bachillerato en ingeniería eléctrica)--Universidad de Costa Rica. Facultad de Ingeniería. Escuela de Ingeniería Eléctrica | ||
| 501 | |a Profesor Guía de IE-0499 Proyecto Eléctrico: Dr. José David Rojas Fernández | ||
| 650 | |x SIMULACION POR COMPUTADORA |x PROGRAMAS PARA COMPUTADORA DE CODIGO ABIERTO |x |x CONTROLADORES PID |x INTERFACES GRAFICAS CON EL USUARIO (SISTEMAS PARA COMPUTADORA) |9 10101 | ||
| 700 | |a Rojas Fernández, José David, 1984- |d Director de Proyecto Eléctrico |9 701 | ||
| 942 | |c TFG |h TFG 7883 |i 012732 |6 TFG_7883_012732000000000 | ||
| 999 | |c 19102 |d 19102 | ||
